Grido nell'onda /
Saved in:
| Hovedforfatter: | |
|---|---|
| Format: | Bog |
| Sprog: | italiensk |
| Udgivet: |
Firenze :
L'autore libri Firenze,
stampa 2002
|
| Serier: | Piccola biblioteca '80. Narratori
|
| Tags: |
Ingen Tags, Vær først til at tagge denne postø!
|
MARC
| LEADER | 00000nam a22000007i 4500 | ||
|---|---|---|---|
| 001 | IT\ICCU\CFI\0557647 | ||
| 003 | ItRI | ||
| 005 | 20250911151030.0 | ||
| 008 | 030930s2002 it |||||| ||||| |||||c | ||
| 020 | |a 8851700680 | ||
| 040 | |b ita |c ct | ||
| 041 | 7 | |a ita |2 ISO-639-2 | |
| 100 | 1 | |a Petrone, Francesca |0 IT\ICCU\CFIV\204465 |4 aut | |
| 245 | 1 | 0 | |a Grido nell'onda / |c Francesca Petrone. |
| 260 | |a Firenze : |b L'autore libri Firenze, |c stampa 2002 | ||
| 300 | |a 43 p. ; |c 20 cm. | ||
| 830 | 0 | |a Piccola biblioteca '80. Narratori |0 IT\ICCU\RAV\0153852 | |
| 942 | |2 ddc |c BK | ||
| 952 | |0 0 |1 0 |2 ddc |4 0 |6 B_LNR02PETFRGRI11 |7 0 |9 7075 |a MI |b MI |d 2009-09-16 |i 5641 |l 0 |o B-LNR02-PETFR-GRI11 |p CDOM5641 |r 2025-07-13 16:28:00 |w 2025-07-13 |x ACQUISTO |y BK | ||
| 981 | 1 | |6 z01 |a i |b xxxe | |
| 982 | 1 | |6 z01 |a n | |
| 999 | |c 5784 |d 5784 | ||